Online Catalogue and eLibrary

Aval (Record no. 4036)

MARC details
000 -LEADER
fixed length control field 00325nam a2200145Ia 4500
005 - DATE AND TIME OF LATEST TRANSACTION
control field 20250318073733.0
008 - FIXED-LENGTH DATA ELEMENTS--GENERAL INFORMATION
fixed length control field 240331s9999 xx 000 0 und d
082 ## - DDC Classification
Item Number - Author Mark KRI
Class No. 894
100 ## - MAIN ENTRY--PERSONAL NAME
Personal name Krishnan, R
245 #0 - TITLE STATEMENT
Title Aval
260 ## - PUBLICATION, DISTRIBUTION, ETC.
Place of publication, distribution, etc. Madras
Name of publisher, distributor, etc. Dhagam
Date of publication, distribution, etc. 1992
300 ## - PHYSICAL DESCRIPTION
Extent (e.g. Volumes, Pages etc.) 191 p .,
650 ## - SUBJECT ADDED ENTRY--TOPICAL TERM
Topical term or geographic name entry element Tamil Short Stories
942 ## - Koha item type (Biblio)
Koha item type Books in Stacks (Lending)
Holdings
Lost status Damaged status Collection code Home library Current library Shelving location Date acquired Full call number Accession Number Item type
    Lending WERC Library WERC Library Social Science Cupboard 03/31/2024 894.811 KRI 1670 Books in Stacks (Lending)

© WERC Library